| 000 | 00822nam a2200241Ia 4500 | ||
|---|---|---|---|
| 005 | 20260430150208.0 | ||
| 008 | 008 250103s9999 xx 000 0 eng d | ||
| 037 | _aTheses | ||
| 040 | _aCRL | ||
| 040 | _beng | ||
| 040 | _ceng | ||
| 041 | _2eng | ||
| 041 | _aeng | ||
| 084 | _qCRL | ||
| 100 |
_aMalik Sonal Au.; Lakhanpaul Suman Gu. _91236757 |
||
| 245 | 0 | _aSystematics and molecular phylogeny of selected indian Barleria species and de novo discovery, characterization, transferability and use of novel genome wide SSR markers in assessment of genetic diversity in barleria cristata L.-a medicinally import speci | |
| 260 | _c2021 | ||
| 300 | _a242p. | ||
| 650 | _aBotany | ||
| 700 |
_aUniversity of Delhi. Faculty of Science. Deptarment of Botany _91236758 |
||
| 942 | _cTH | ||
| 999 |
_c1849187 _d1849187 |
||